Statistics for 5 Most Isolated Capital Cities Facing a given Direction

Click here to take the quiz!

General Stats

  • This quiz has been taken 26 times
  • The average score is 30 of 40

Answer Stats

CAPITAL CITY % Correct
Reykjavik
100%
Reykjavik
100%
Tokyo
100%
Canberra
96%
Ottawa
96%
Wellington
96%
Canberra
96%
Ottawa
96%
Santiago
87%
Ulaanbaatar
87%
Ulaanbaatar
87%
Brasilia
78%
Astana
70%
Mexico City
70%
Apia
70%
Praia
61%
Port Louis
61%
Montevideo
61%
Port Moresby
57%
Majuro
48%
Majuro
48%
Maseru
43%
Windhoek
35%
Paramaribo
26%
Saint John's
13%

Score Distribution

Percentile by Number Answered

Percent of People with Each Score

Your Score History

You have not taken this quiz